Toutes les histoires de Don Rosa par couverture - Statistiques

Statistiques générales
  • Ce quiz a été pris 9 fois
  • Le résultat moyen est 35 sur 71
Statistiques - réponses
Hint Réponse % Correct
Le fils du soleil
100%
Retour à Xanadu
83%
La malédiction de Nostrablairus
67%
Galère buissonnière
67%
Maître jardinier
67%
Dernier traîneau pour Dawson
67%
Trésor sous cloche
67%
Mineur de coffre
67%
L'argent coule à flots
67%
Sa majesté Balthazar Ier
67%
Super Donald contre Super Duflair
67%
L'île du bout du temps
67%
La valse des investisseurs
67%
Caisse à la casse
67%
Citrouille carabinée
67%
Le nouveau maître du château McPicsou (épisode 5)
67%
L'envahisseur de Fort Donaldville (épisode 10)
67%
Le dernier du clan McPicsou (épisode 1)
67%
La terreur du Transvaal (épisode 6)
67%
Le roi du Mississippi (épisode 2)
67%
Le canard qui venait d'ailleurs
50%
Le joueur de flûte de Donaldville
50%
Les gardiens de la bibliothèque perdue
50%
La guerre des Windigos
50%
La poisse au thon
50%
La chasse aux crocos du Nil
50%
Le pic de la fortune
50%
Jour de malchance
50%
Fracture temporelle
50%
Retour à Sétatroce
50%
Le trésor de Crésus
50%
Le prospecteur de la vallée de l'Agonie Blanche (épisode 8)
50%
Un problème de taille
50%
Le Dissoutou
50%
Un problème sans gravité...
50%
Le dernier seigneur d'Eldorado
50%
Les abominables monstres de l'espace
50%
Un petit cadeau très spécial
50%
Picsou contre le chevalier noir
50%
L'aventurier de la colline de cuivre (épisode 4)
50%
A temps perdu...
50%
Et si Donald n'existait pas...
50%
Le rêveur du Never Never (épisode 7)
50%
Le cowboy des Badlands (épisode 3)
50%
Les cartes perdues de Christophe Colomb
33%
Le retour des trois caballeros
33%
De Donaldville à Lillehammer
33%
La première invention de Géo Trouvetou
33%
C.E.S.T.D.U.C.H.A.R.A.B.I.A
33%
Poubelle ou trésor
33%
Le protecteur de Pizen Bluff (episode 6 bis)
33%
La quête du Kalevala
33%
Oublie ça
33%
Les évadés de la vallée interdite
33%
La couronne des Croisés
33%
Le retour du chevalier noir
33%
Le capitaine cowboy du Cutty Sark (épisode 3 bis)
33%
Le secret du Hollandais
33%
Le petit malin de la coupe Culebra (épisode 10 bis)
33%
A l'attaque
33%
Le prix du "sou"-venir
33%
Rapetous contre coffre-fort
33%
Le trésor des dix avatars
33%
Les deux cœurs du Yukon (épisode 8 ter)
33%
Le milliardaire des landes perdues (épisode 9)
33%
Le rêve de toute une vie
33%
La prisonnière de la vallée de l'Agonie Blanche (épisode 8 bis)
33%
Les 7 fantastiques caballeros (moins 4)
33%
Le reclus du manoir McPicsou (épisode 12)
33%
Une lettre de la maison
33%
Le bâtisseur d'empire du Calisota (épisode 11)
33%
Aucun quiz correspondant
Distribution des résultats
% des personnes avec chaque résultat
Percentile par nombre de réponses
Votre historique - résultats
Vous n’avez pas pris ce quiz